[Event "Madrid San Viator op-B 25th"]
[Site "Madrid"]
[Date "2015.10.04"]
[Round "1"]
[White "Tenorio Garcia, Joel"]
[Black "Valdes Sanchez, Jesus Manuel"]
[Result "0-1"]
[WhiteElo "1277"]
[BlackElo "1594"]
[PlyCount "56"]
[EventDate "2015.10.04"]
[EventType "swiss"]
[EventRounds "9"]
[EventCountry "ESP"]
[SourceTitle "EXT 2019"]
[Source "ChessBase"]
[SourceDate "2018.10.10"]
[SourceVersion "1"]
[SourceVersionDate "2018.10.10"]
[SourceQuality "1"]

1. e4 e5 2. Nf3 Nc6 3. Bc4 Nf6 4. Ng5 d5 5. exd5 Nxd5 6. Nxf7 Kxf7 7. Qf3+ Ke6 8. Nc3 Nce7 9. d3 h6 10. d4 c6 11. 0-0 Ng6 12. Qg4+ Kf6 13. dxe5+ Nxe5 14. Qh4+ g5 15. Ne4+ Kg7 16. Nxg5 hxg5 17. Qd4 Qf6 18. Qe4 Nxc4 19. Qxc4 Bd6 20. g3 Bh3 21. Be3 Nxe3 22. fxe3 Bxf1 23. Rxf1 Qe7 24. Qd4+ Be5 25. Qe4 Raf8 26. Rd1 Rxh2 27. Kxh2 Bxg3+ 28. Kxg3 Qxe4 0-1

[Event "Benidorm Ciegos-ch 15th"]
[Site "Benidorm"]
[Date "2015.06.13"]
[Round "7"]
[White "Valdes Sanchez, Jesus Manuel"]
[Black "Dos Reis Cabrera, Jose Manuel"]
[Result "1-0"]
[WhiteElo "1608"]
[BlackElo "1267"]
[PlyCount "101"]
[EventDate "2015.06.07"]
[EventType "swiss"]
[EventRounds "7"]
[EventCountry "ESP"]
[SourceTitle "CBM 167 Extra"]
[Source "ChessBase"]
[SourceDate "2015.09.14"]
[SourceVersion "1"]
[SourceVersionDate "2015.09.14"]
[SourceQuality "1"]

1. e4 e5 2. Bc4 Be7 3. Qh5 Nh6 4. d4 0-0 5. Bxh6 gxh6 6. Qxh6 exd4 7. Bd3 Bg5 8. Qh3 d6 9. Qg3 Kh8 10. h4 Bh6 11. Qf3 Nc6 12. Be2 Ne5 13. Qb3 Qf6 14. Nf3 Nxf3+ 15. Bxf3 b6 16. Qd3 Rb8 17. Nd2 c5 18. Bh5 Ba6 19. Qxa6 Bxd2+ 20. Kxd2 Qh6+ 21. Ke1 Qxh5 22. Qxa7 Qg4 23. Qe7 Rfe8 24. Qf6+ Kg8 25. Qg5+ Qxg5 26. hxg5 Rxe4+ 27. Kd2 Rg4 28. g3 Rxg5 29. Rhe1 Re5 30. Rxe5 dxe5 31. Kd3 f5 32. f3 Re8 33. Re1 Kf7 34. g4 fxg4 35. fxg4 Ke6 36. Kc4 Rf8 37. Kd3 Rf4 38. Rh1 Rf7 39. Rh6+ Kd5 40. Rxb6 c4+ 41. Ke2 Ke4 42. Rd6 Rf4 43. g5 Rg4 44. Rh6 d3+ 45. cxd3+ cxd3+ 46. Kd2 Rg2+ 47. Kc3 d2 48. Rd6 Ke3 49. Rd3+ Kf4 50. Rxd2 Rxd2 51. Kxd2 1-0

[Event "Madrid San Viator op 24th"]
[Site "Madrid"]
[Date "2015.05.31"]
[Round "9"]
[White "Ingunza Curro, Andres"]
[Black "Valdes Sanchez, Jesus Manuel"]
[Result "1/2-1/2"]
[WhiteElo "1311"]
[BlackElo "1588"]
[PlyCount "64"]
[EventDate "2015.03.22"]
[EventType "swiss"]
[EventRounds "9"]
[EventCountry "ESP"]
[SourceTitle "EXT 2016"]
[Source "ChessBase"]
[SourceDate "2015.10.08"]
[SourceVersion "1"]
[SourceVersionDate "2015.10.08"]
[SourceQuality "1"]

1. e4 c5 2. Nf3 e6 3. d4 Nf6 4. Nc3 d5 5. exd5 Nxd5 6. Nxd5 exd5 7. Be2 Be7 8. 0-0 c4 9. Bf4 Nc6 10. c3 0-0 11. b3 b5 12. Ne5 Nxe5 13. Bxe5 Bf6 14. Bxf6 Qxf6 15. Bf3 Be6 16. Re1 Qd8 17. Bg4 Bxg4 18. Qxg4 f5 19. Qf3 Qd7 20. Re5 Rad8 21. Rae1 Rde8 22. h3 g6 23. Rxe8 Rxe8 24. Rxe8+ Qxe8 25. Qxd5+ Kf8 26. bxc4 bxc4 27. Qxc4 Qe1+ 28. Kh2 Qxf2 29. Qc8+ Kg7 30. Qc7+ Kh6 31. Qc4 f4 32. d5 Qg3+ 1/2-1/2

[Event "Benidorm FEDC op 14th"]
[Site "Benidorm"]
[Date "2014.06.13"]
[Round "6"]
[White "Valdes Sanchez, Jesus Manuel"]
[Black "Lopez Perez, Angel Luis"]
[Result "0-1"]
[WhiteElo "1586"]
[BlackElo "1764"]
[PlyCount "112"]
[EventDate "2014.06.08"]
[EventType "swiss"]
[EventRounds "7"]
[EventCountry "ESP"]
[SourceTitle "EXT 2016"]
[Source "ChessBase"]
[SourceDate "2015.10.08"]
[SourceVersion "1"]
[SourceVersionDate "2015.10.08"]
[SourceQuality "1"]

1. c4 e5 2. Nc3 Nf6 3. g3 c6 4. Bg2 d6 5. d4 Nbd7 6. d5 c5 7. f4 exf4 8. Bxf4 Nb6 9. b3 Be7 10. Nf3 h6 11. Qd2 Bf5 12. Nh4 Bh7 13. Nf3 Ne4 14. Nxe4 Bxe4 15. 0-0 0-0 16. Bh3 Bf6 17. Rac1 Nd7 18. Bxd6 Re8 19. Bxd7 Qxd7 20. Bxc5 Qh3 21. e3 Qg4 22. Qf2 Bg6 23. Rcd1 b6 24. Bd6 Rad8 25. Bc7 Rd7 26. d6 Bd8 27. Rd4 Qe6 28. Bxd8 Rexd8 29. Re1 Rxd6 30. Rxd6 Rxd6 31. Nd4 Qd7 32. Qf4 Kh7 33. Rf1 Rf6 34. Qh4 Rxf1+ 35. Kxf1 Qb7 36. Qh3 Qh1+ 37. Kf2 Qd1 38. Qf1 Qd2+ 39. Qe2 Qc3 40. h4 Bd3 41. Qd1 Qb2+ 42. Kf3 Bg6 43. a4 Qh2 44. Qe1 Qh3 45. Qf2 Qh1+ 46. Kg4 h5+ 47. Kg5 f6+ 48. Qxf6 gxf6+ 49. Kxf6 Qe4 50. Ne6 Qf5+ 51. Ke7 Qf7+ 52. Kd6 Kg8 53. Ng5 Qf5 54. e4 Qf2 55. e5 Qxg3 56. Ne6 Qxh4 0-1

[Event "Benidorm FEDC op 14th"]
[Site "Benidorm"]
[Date "2014.06.10"]
[Round "3"]
[White "Ardila Pacheco, Julian"]
[Black "Valdes Sanchez, Jesus Manuel"]
[Result "0-1"]
[WhiteElo "1235"]
[BlackElo "1586"]
[PlyCount "90"]
[EventDate "2014.06.08"]
[EventType "swiss"]
[EventRounds "7"]
[EventCountry "ESP"]
[SourceTitle "EXT 2016"]
[Source "ChessBase"]
[SourceDate "2015.10.08"]
[SourceVersion "1"]
[SourceVersionDate "2015.10.08"]
[SourceQuality "1"]

1. e4 e5 2. Nf3 Nc6 3. Bc4 Bc5 4. 0-0 Nge7 5. d3 d5 6. exd5 Nxd5 7. c3 Bg4 8. Nbd2 Qd7 9. Qa4 Be6 10. Qb5 Bb6 11. Ng5 a6 12. Qa4 Nf4 13. Bxe6 fxe6 14. d4 exd4 15. Nde4 Ne2+ 16. Kh1 Nxc1 17. Raxc1 Qd5 18. c4 Qf5 19. Qd1 0-0-0 20. a3 h6 21. f4 hxg5 22. Ng3 Qh7 23. h3 gxf4 24. Rxf4 d3 25. c5 Ba7 26. b4 Nd4 27. Qg4 Qh6 28. Rcf1 Nc2 29. Qf3 d2 30. Rd1 c6 31. Ne4 Bb8 32. Nd6+ Bxd6 33. cxd6 Rxd6 34. Rf8+ Rxf8 35. Qxf8+ Kc7 36. Qe7+ Rd7 37. Qc5 Ne3 38. Qe5+ Kc8 39. Qa1 Nxd1 40. Qxd1 Qe3 41. Kh2 Qe1 42. Qh5 d1Q 43. Qg4 Qxg4 44. hxg4 Qh4+ 45. Kg1 Rd1# 0-1

[Event "Madrid San Viator op 22nd"]
[Site "Madrid"]
[Date "2014.06.01"]
[Round "9"]
[White "Valdes Sanchez, Jesus Manuel"]
[Black "Insua Rodriguez, Antonio"]
[Result "1-0"]
[WhiteElo "1569"]
[BlackElo "1497"]
[PlyCount "53"]
[EventDate "2014.03.23"]
[EventType "swiss"]
[EventRounds "9"]
[EventCountry "ESP"]
[SourceTitle "EXT 2015"]
[Source "ChessBase"]
[SourceDate "2014.11.20"]
[SourceVersion "1"]
[SourceVersionDate "2014.11.20"]
[SourceQuality "1"]

1. e4 e6 2. Nc3 d5 3. exd5 exd5 4. Nf3 Nc6 5. d4 Bf5 6. Bf4 Bd6 7. Nxd5 Bxf4 8. Nxf4 Qe7+ 9. Qe2 0-0-0 10. Qxe7 Ngxe7 11. c3 Nd5 12. Nxd5 Rxd5 13. Bc4 Re8+ 14. Kd2 Rd7 15. Rhe1 Rde7 16. Ng5 f6 17. Nf3 a6 18. a4 Rd8 19. Rxe7 Nxe7 20. Re1 Kd7 21. Nh4 Rb8 22. Nxf5 Nxf5 23. Be6+ Kd6 24. Bxf5 b5 25. Re6+ Kd5 26. Kd3 bxa4 27. c4# 1-0

[Event "Madrid San Viator op 22nd"]
[Site "Madrid"]
[Date "2014.05.18"]
[Round "7"]
[White "Valdes Sanchez, Jesus Manuel"]
[Black "Bermejo Jimenez, Adolfo"]
[Result "1-0"]
[WhiteElo "1569"]
[BlackElo "1442"]
[PlyCount "107"]
[EventDate "2014.03.23"]
[EventType "swiss"]
[EventRounds "9"]
[EventCountry "ESP"]
[SourceTitle "EXT 2015"]
[Source "ChessBase"]
[SourceDate "2014.11.20"]
[SourceVersion "1"]
[SourceVersionDate "2014.11.20"]
[SourceQuality "1"]

1. e4 c6 2. d4 d5 3. Nc3 dxe4 4. Nxe4 Bf5 5. Ng3 Bg6 6. h4 h6 7. Nf3 e6 8. h5 Bh7 9. Bd3 Bxd3 10. Qxd3 Bd6 11. Ne4 Nf6 12. Nxd6+ Qxd6 13. Ne5 Nbd7 14. Nc4 Qd5 15. Ne3 Qe4 16. Qxe4 Nxe4 17. Nc4 b6 18. Rh4 f5 19. f3 Nef6 20. Nd6+ Ke7 21. Bf4 Nd5 22. Nc4 Nxf4 23. Rxf4 Nf6 24. Rh4 Nd5 25. 0-0-0 b5 26. Ne5 Ne3 27. Rd2 Rhc8 28. Re2 Nc4 29. Ng6+ Kf6 30. Nf4 Re8 31. b3 Nb6 32. Ng6 Nd5 33. Kb2 a5 34. Ne5 Ne7 35. Nd7+ Kg5 36. g3 Nd5 37. f4+ Nxf4 38. Rxf4 Kxh5 39. Nc5 Ra7 40. Re5 Rae7 41. g4+ Kg5 42. Nd3 Kf6 43. gxf5 exf5 44. Rfxf5+ Kg6 45. Nf4+ Kh7 46. Rc5 g5 47. Nh5 Kg6 48. Ng3 Re6 49. d5 cxd5 50. Rcxd5 h5 51. Rxg5+ Kf6 52. Nxh5+ Kf7 53. Rg7+ Kf8 54. Rf5+ 1-0

[Event "Madrid San Viator op 22nd"]
[Site "Madrid"]
[Date "2014.04.27"]
[Round "5"]
[White "Lizon Martinez, Santiago"]
[Black "Valdes Sanchez, Jesus Manuel"]
[Result "1/2-1/2"]
[WhiteElo "1804"]
[BlackElo "1569"]
[PlyCount "72"]
[EventDate "2014.03.23"]
[EventType "swiss"]
[EventRounds "9"]
[EventCountry "ESP"]
[SourceTitle "EXT 2015"]
[Source "ChessBase"]
[SourceDate "2014.11.20"]
[SourceVersion "1"]
[SourceVersionDate "2014.11.20"]
[SourceQuality "1"]

1. e4 e6 2. d4 d5 3. e5 b6 4. Nf3 c5 5. c3 a5 6. Bd3 Ne7 7. 0-0 Ba6 8. a3 Bxd3 9. Qxd3 c4 10. Qc2 a4 11. Bg5 Qd7 12. Nbd2 Qb5 13. h4 h6 14. Bf4 Ng6 15. Bg3 Be7 16. h5 Nf8 17. Nh4 Bxh4 18. Bxh4 Nh7 19. f4 Nd7 20. f5 0-0 21. f6 gxf6 22. exf6 Kh8 23. Nf3 Ndxf6 24. Bxf6+ Nxf6 25. Ne5 Ne4 26. Nxf7+ Kg7 27. Ne5 Qe8 28. Qe2 Ra7 29. Qg4+ Ng5 30. Rxf8 Qxf8 31. Rf1 Qe8 32. Qf4 Ne4 33. Qg4+ Ng5 34. Qf4 Ne4 35. Qg4+ Ng5 36. Qf4 Ne4 1/2-1/2

[Event "Madrid San Viator op 22nd"]
[Site "Madrid"]
[Date "2014.03.23"]
[Round "1"]
[White "Valdes Sanchez, Jesus Manuel"]
[Black "Sierra Bermejo, Gregorio"]
[Result "1/2-1/2"]
[WhiteElo "1569"]
[BlackElo "1661"]
[PlyCount "51"]
[EventDate "2014.03.23"]
[EventType "swiss"]
[EventRounds "9"]
[EventCountry "ESP"]
[SourceTitle "EXT 2015"]
[Source "ChessBase"]
[SourceDate "2014.11.20"]
[SourceVersion "1"]
[SourceVersionDate "2014.11.20"]
[SourceQuality "1"]

1. e4 d6 2. Bc4 Nf6 3. Nc3 g6 4. Nf3 Bg7 5. d4 0-0 6. Bg5 c5 7. e5 dxe5 8. dxe5 Ng4 9. Qxd8 Rxd8 10. Bxe7 Re8 11. Bxc5 Nxe5 12. Nxe5 Rxe5+ 13. Be3 Bh6 14. 0-0 Bg7 15. Nd5 Nc6 16. Nc7 Rb8 17. Bf4 Re4 18. Nd5 Rxc4 19. Bxb8 Nxb8 20. c3 Be6 21. Rfe1 Bf8 22. Rad1 Na6 23. Nf6+ Kg7 24. Ne8+ Kg8 25. Nf6+ Kg7 26. Ne8+ 1/2-1/2

[Event "Madrid San Viator op 21st"]
[Site "Madrid"]
[Date "2013.11.10"]
[Round "8"]
[White "Valdes Sanchez, Jesus Manuel"]
[Black "Moreno Zamora, Gregorio"]
[Result "0-1"]
[WhiteElo "1567"]
[BlackElo "1704"]
[PlyCount "96"]
[EventDate "2013.09.29"]
[EventType "swiss"]
[EventRounds "9"]
[EventCountry "ESP"]
[SourceTitle "EXT 2015"]
[Source "ChessBase"]
[SourceDate "2014.11.20"]
[SourceVersion "1"]
[SourceVersionDate "2014.11.20"]
[SourceQuality "1"]

1. e4 c6 2. d4 d5 3. e5 c5 4. c3 Nc6 5. Nf3 Bg4 6. Be2 e6 7. Be3 cxd4 8. cxd4 Qb6 9. Qd2 Nge7 10. 0-0 Nf5 11. Nc3 Bxf3 12. Bxf3 Ncxd4 13. Bd1 Nxe3 14. fxe3 Nc6 15. Ba4 Bc5 16. Bxc6+ bxc6 17. Nd1 0-0 18. Rf3 Rad8 19. Qd3 Rfe8 20. a3 a5 21. Rc1 Bf8 22. Qf1 Rd7 23. Rg3 g6 24. Qf3 Bg7 25. Rh3 Bxe5 26. Rc2 f5 27. g3 Bh8 28. Kh1 e5 29. Rf2 Qc7 30. Rf1 c5 31. g4 Rf8 32. g5 e4 33. Qf2 d4 34. Rh4 Bg7 35. Rf4 Rff7 36. Qg2 dxe3 37. Nxe3 Rd3 38. Nc4 Be5 39. Rh4 Rfd7 40. Nxe5 Qxe5 41. Rhf4 Rd1 42. R4f2 Rxf1+ 43. Rxf1 Rd3 44. Qc2 Qd4 45. Rc1 e3 46. Qe2 Rd2 47. Qb5 Qe4+ 48. Kg1 Qg2# 0-1

[Event "Madrid San Viator op 21st"]
[Site "Madrid"]
[Date "2013.10.20"]
[Round "5"]
[White "Padin Lazaro, Jose Manuel"]
[Black "Valdes Sanchez, Jesus Manuel"]
[Result "1-0"]
[WhiteElo "1837"]
[BlackElo "1567"]
[PlyCount "47"]
[EventDate "2013.09.29"]
[EventType "swiss"]
[EventRounds "9"]
[EventCountry "ESP"]
[SourceTitle "EXT 2015"]
[Source "ChessBase"]
[SourceDate "2014.11.20"]
[SourceVersion "1"]
[SourceVersionDate "2014.11.20"]
[SourceQuality "1"]

1. e4 d5 2. exd5 Qxd5 3. Nc3 Qa5 4. d4 Nf6 5. Bc4 Bg4 6. f3 Bf5 7. Nge2 c6 8. 0-0 Nbd7 9. a3 b5 10. Bb3 Qb6 11. Be3 e5 12. Qe1 Be7 13. Ng3 exd4 14. Bf2 Bg6 15. Qe2 Ng8 16. Rad1 Ndf6 17. Bxd4 Qc7 18. Bc5 Rd8 19. Rfe1 Rd7 20. Qe3 Nh6 21. Rxd7 Qxd7 22. Bxe7 Be4 23. Bxf6 gxf6 24. Qxh6 1-0